MESTSKÁ KNIŽNICA GIRALTOVCE  - online katalóg 

Svätá rodina (Record no. 15482)

000 -NÁVESTIE
fixed length control field 00334nam a2200133 a 4500
008 - ÚDAJE S PEVNOU DĹŽKOU – VŠEOBECNÉ INFORMÁCIE
fixed length control field 110105s1963|||| d
020 ## - MEDZINÁRODNÉ ŠTANDARDNÉ ČÍSLO KNIHY (ISBN)
Údaje o dostupnosti 11
044 ## - KÓD KRAJINY VYDAVATEĽA/PRODUCENTA
Kód krajiny MARC xo
Kód krajiny ISO SK
041 ## - KÓD JAZYKA
Kód jazyka textu/zvukovej stopy alebo samostatných nápisov slo
100 1# - OSOBNÉ MENÁ – VŠEOBECNÉ INFORMÁCIE
Osobné meno Markx, Karol
245 10 - NÁZOV
Názov Svätá rodina
Zvyšok názvu a iné raná filozofické spisy
260 ## - VYDAVATEĽSKÉ ÚDAJE, DISTRIBÚCIA ATĎ.
Názov vydavateľa, distibútora atď. VPL
Miesto publikovania, distribúcie atď. Bratislava
Dátum publikovania, distribúcie atď. 1963
700 1# - PRIDANÝ VSTUP – OSOBNÉ MENO
Osobné meno Engels, Fridrich
Holdings
Stav stiahnutia (Blokovanie) (Withrawn status) Stav straty Stav poškodenia (Damaged status) Nie pre výpožičky (Not for loan) Spôsob nadobudnutia (Collection code) Trvalé umiestnenie Aktuálne umiestnenie Dátum nadobudnutia Náklady, bežná kúpna cena Inventárne číslo (prírastkové číslo) Full call number Dátum posledného výskytu Cena s účinnosťou od Typ jednotky Koha
Vyradený       Kúpa Mestská knižnica Giraltovce Mestská knižnica Giraltovce 2019-11-29 11.00 14506 K 059 2019-11-29 2019-11-29 Odborná literatúra pre dospelých

Powered by Koha